000 01374cam a22003617a 4500
003 CHAP
005 20220329142713.0
008 021125d2000 mx abd r 00110 spa d
010 _a86662
011 _a87634
020 _a9688174548
035 _a98178
040 _cCHAP
082 0 4 _a628.53
_bI58
110 2 _aInstituto Nacional de Ecología. México
_959296
245 1 0 _aInforme nacional de emisiones y transferencia de contaminantes 1998-1999 (2o):
_bRegistro de Emisiones y Transferencia de Contaminantes
_c/por SEMARNAP. Instituto Nacional de Ecología
260 _aMéxico, D.F. :
_bSecretaria de Medio Ambiente, Recursos Naturales y Pesca,
_c2000
300 _a124 p. :
_bilus. ; gráfs. ; mapas ; cuadros ; diagramas
590 _aBATCH-UPD
_b10
_c20130110
_lUCH01
_h0904
590 _aBATCH-UPD
_b10
_c20130410
_lUCH01
_h0532
590 _aBATCH-UPD
_b10
_c20130913
_lUCH01
_h2330
590 _aCONVERSION
_b10
_c20130109
_lUCH01
_h1348
650 1 4 _aAguas residuales.
_92583
650 1 4 _aAire
_xContaminación.
_93138
650 1 4 _aGases.
_947216
650 1 4 _aMedio ambiente
_xContaminación.
_974069
650 1 4 _aMedio ambiente
_xEstadísticas
_xMéxico.
_974083
650 1 4 _aPolítica ambiental.
_990422
901 _aBK
905 _aMarco A. Mendoza T.
942 _cLIBRO
949 _a628..53 I58
_bBC
_cLIBRO
_d33724000880498
_eLIBRO
_h103303
_i98178
_si
999 _c86662
_d86662